| 000 | 01055nam a2200313 a 4500 | ||
|---|---|---|---|
| 001 | 000032438 | ||
| 003 | DO-SdBNP | ||
| 005 | 20151014103017.0 | ||
| 008 | 100331s2012 dr a 001 0 spa d | ||
| 020 | _a9789945006162 | ||
| 040 |
_aBPMSU _bspa _cBPMSU |
||
| 092 |
_a248.4 _bB562m |
||
| 100 | 1 | _aBetances, Juan | |
| 245 | 1 | 0 |
_aA la manera de Dios : _bcómo experimentar el amor de Dios / _cJuan Betances. |
| 260 |
_aSanto Domingo : _bAmigo del Hogar, _c2012 |
||
| 300 |
_a155 p. : _bil. ; _c24 cm. |
||
| 650 | 4 | _aEDUCACIÓN CRISTIANA | |
| 650 | 4 | _aENSEÑANZA BÍBLICA | |
| 650 | 4 | _aEDUCACIÓN RELIGIOSA | |
| 910 | _aValidado. Control de calidad EMS | ||
| 930 | 1 |
_lBND01 _mLF1 _h248.4 _820130304 _f04 _pHD _g34959 _he. 3 |
|
| 930 | 1 |
_lBND01 _mLF1 _h248.4 _820130304 _f01 _pHD _g34959 |
|
| 942 |
_2ddc _cBK |
||
| 956 |
_aDGARCIA _b10 _c20110718 _lBND01 _h1013 |
||
| 956 |
_aYLOCKWARD _b10 _c20130304 _lBND01 _h1453 |
||
| 956 |
_aVMATEO _b10 _c20130305 _lBND01 _h0839 |
||
| 956 |
_aEMARRERO _b40 _c20131214 _lBND01 _h1540 |
||
| 956 |
_aVMATEO _b10 _cBMET02 _l20150611 _h00151 |
||
| 999 |
_c7908 _d7908 |
||